000 00883cab a2200241 4500
001 ABS54360
008 090401t1996 xxu||||| |||| 00| 0 eng d
035 _a(Sirsi) u9963
041 _aeng
100 _aDavies, J.
245 _aLandfill management
260 _c1996
350 _a0
490 _aThe Waste Manager
_vDecember/January 1996, 22-29(7)
520 _aSpecial feature on landfill management reviews revised DoE guidelines on waste management, highlights differences between the UK and the EU on the disposal of hazardous and non-hazardous waste, looks at the long term liability for closed landfill sites concluding with comments on papers presented at a recent conference held in Sardinia.
650 _aHAZARDOUS WASTE
650 _aLANDFILL
650 _aLIABILITY
650 _aWASTE MANAGEMENT
690 _aLAND
942 _n0
948 _c04/03/1997
999 _c6267
_d6267